Cargando…

Never Easy, Never Pretty : A Fan, A City, A Championship Season

When the Ravens won Super Bowl XLVII in New Orleans, it was a joyous moment for fans and team alike. For Dean Bartoli Smith, a lifelong Baltimore football fan and writer for The Baltimore Brew and Press Box, it was especially sweet. In Never Easy, Never Pretty, he recalls the ups and downs and ultim...

Descripción completa

Detalles Bibliográficos
Autor principal: Smith, Dean Bartoli
Formato: Electrónico eBook
Idioma:Inglés
Publicado: Philadelphia : Temple University Press, 2013.
Colección:Book collections on Project MUSE.
Temas:
Acceso en línea:Texto completo

MARC

LEADER 00000cam a22000004a 4500
001 musev2_45948
003 MdBmJHUP
005 20230905044813.0
006 m o d
007 cr||||||||nn|n
008 130817s2013 pau o 00 0 eng d
020 |a 9781439911082 
020 |z 9781439911068 
035 |a (OCoLC)966765869 
040 |a MdBmJHUP  |c MdBmJHUP 
100 1 |a Smith, Dean Bartoli. 
245 1 0 |a Never Easy, Never Pretty :   |b A Fan, A City, A Championship Season 
264 1 |a Philadelphia :  |b Temple University Press,  |c 2013. 
264 3 |a Baltimore, Md. :  |b Project MUSE,   |c 2017 
264 4 |c ©2013. 
300 |a 1 online resource (224 pages). 
336 |a text  |b txt  |2 rdacontent 
337 |a computer  |b c  |2 rdamedia 
338 |a online resource  |b cr  |2 rdacarrier 
505 0 |a Foreword by Stan Charles; Introduction; 1. No Huddle, No Defense; 2. Never Easy, Never Pretty; 3. A Good Old-Fashioned Texas Ass Kicking; 4. Fourth and 29; 5. Under Fire; 6. A Giant Win; 7. Blue Horseshoes; 8. The Mile High Miracle; 9. Finish It; 10. One Play; Acknowledgments; Credits for Epigraphs and Photographs; Media Sources. 
520 |a When the Ravens won Super Bowl XLVII in New Orleans, it was a joyous moment for fans and team alike. For Dean Bartoli Smith, a lifelong Baltimore football fan and writer for The Baltimore Brew and Press Box, it was especially sweet. In Never Easy, Never Pretty, he recalls the ups and downs and ultimate thrills of a special season while also showing how a football team impacts its fans and its city. Smith recounts the season from start to glorious finish while interweaving Baltimore's professional football history, telling his own story of growing up with the Colts, 
588 |a Description based on print version record. 
600 1 1 |a Smith, Dean Bartoli. 
600 1 0 |a Smith, Dean Bartoli. 
610 2 7 |a Baltimore Ravens (Football team)  |2 fast  |0 (OCoLC)fst00718760 
610 2 0 |a Baltimore Ravens (Football team) 
650 7 |a Football  |x Social aspects.  |2 fast  |0 (OCoLC)fst00931398 
650 7 |a Football fans.  |2 fast  |0 (OCoLC)fst00931417 
650 7 |a SPORTS & RECREATION  |x Football.  |2 bisacsh 
650 7 |a TRAVEL  |x Special Interest  |x Sports.  |2 bisacsh 
650 7 |a SPORTS & RECREATION  |x Reference.  |2 bisacsh 
650 7 |a SPORTS & RECREATION  |x History.  |2 bisacsh 
650 7 |a SPORTS & RECREATION  |x Essays.  |2 bisacsh 
650 7 |a SPORTS & RECREATION  |x Business Aspects.  |2 bisacsh 
650 7 |a GAMES  |x Gambling  |x Sports.  |2 bisacsh 
650 0 |a Football fans  |z Maryland  |z Baltimore. 
650 0 |a Football  |x Social aspects  |z Maryland  |z Baltimore. 
651 7 |a Maryland  |z Baltimore.  |2 fast  |0 (OCoLC)fst01204292 
655 7 |a Electronic books.   |2 local 
710 2 |a Project Muse.  |e distributor 
830 0 |a Book collections on Project MUSE. 
856 4 0 |z Texto completo  |u https://projectmuse.uam.elogim.com/book/45948/ 
945 |a Project MUSE - Custom Collection 
945 |a Project MUSE - Archive Complete Supplement V 
945 |a Project MUSE - Archive History Supplement V